书目信息 |
| 题名: |
中国近代经济史
|
|
| 作者: | ;中国人民大学政治经济学系 编 | |
| 分册: | 下册 | |
| 出版信息: | 北京 人民出版社 1978 |
|
| 页数: | 266页 | |
| 开本: | 20cm | |
| 丛书名: | ||
| 单 册: | ||
| 中图分类: | F092.6 , F092.6 | |
| 科图分类: | ||
| 主题词: | 经济史--中国--近代--高等学校--教材 , 经济思想史 , 经济思想史 | |
| 电子资源: | ||
| ISBN: | ||
| 000 | 00852nam0 2200277 45 | |
| 001 | 0178001679 | |
| 005 | 20060816111849.76 | |
| 010 | @dCNY0.58 | |
| 091 | @a4001.356 | |
| 100 | @a19950714d1978 em y0chiy0121 ea | |
| 101 | 0 | @achi |
| 102 | @aCN@b110000 | |
| 105 | @ay z 000yy | |
| 200 | 10 | @a中国近代经济史@Azhong guo jin dai jing ji shi@h下册@f中国人民大学政治经济学系《中国近代经济史》编 |
| 210 | @a北京@c人民出版社@d1978 | |
| 215 | @a266页@d20cm | |
| 300 | @a高等学校文科教材 | |
| 300 | @a国内发行 | |
| 606 | @a经济史@y中国@z近代@x高等学校@x教材 | |
| 606 | 0 | @a经济思想史 |
| 606 | 0 | @a经济思想史 |
| 690 | @aF092.6@v3 | |
| 690 | @aF092.6@v3 | |
| 711 | 02 | @a中国人民大学政治经济学系@Azhong guo ren min da xue zheng zhi jing ji xue xi@4编 |
| 801 | 0 | @aCN@bNLC@c20060816 |
| 905 | @dF092.6@e1:2@f1@b48428@b53212@f1@f1@b48427@f1@b32295 | |
| 中国近代经济史.下册/中国人民大学政治经济学系《中国近代经济史》编.-北京:人民出版社,1978 |
| 266页;20cm |
| 高等学校文科教材.-国内发行 |
| ISBN :CNY0.58 |
| ● |
| 相关链接 |
|
|
|
|
正题名:中国近代经济史
索取号:F092.6/1:2
 
预约/预借
| 序号 | 登录号 | 条形码 | 馆藏地/架位号 | 状态 | 备注 |
| 1 | 0001208 | 001926143 | 密集书库/ [索取号:F092.6/1:2] | 在馆 | |
| 2 | 0032294 | 001867055 | 密集书库/ [索取号:F092.6/1:2] | 在馆 | |
| 3 | 0032295 | 000195112 | 密集书库/ [索取号:F092.6/1:2] | 在馆 | |
| 4 | 0032296 | 000195167 | 第一样本阅览室/ [索取号:F092.6/1:2] | 在馆 | |
| 5 | 0048427 | 000195041 | 第一借阅区/ [索取号:F092.6/1:2] | 在馆 | |
| 6 | 0048428 | 000195078 | 密集书库/ [索取号:F092.6/1:2] | 在馆 | |
| 7 | 0048429 | 001867019 | 密集书库/ [索取号:F092.6/1:2] | 在馆 | |
| 8 | 0053204 | 001919767 | 密集书库/ [索取号:F092.6/1:2] | 在馆 | |
| 9 | 0053208 | 001919801 | 密集书库/ [索取号:F092.6/1:2] | 在馆 | |
| 10 | 0053210 | 001919721 | 密集书库/ [索取号:F092.6/1:2] | 在馆 | |
| 11 | 0053212 | 000195032 | 密集书库/ [索取号:F092.6/1:2] | 在馆 | |
| 12 | 0053213 | 001867091 | 密集书库/ [索取号:F092.6/1:2] | 在馆 | |
| 13 | 0464881 | 204648818 | 密集书库/ [索取号:F092.6/1:2] | 在馆 |